Super Rugby Aotearoa 2020 - Competing Teams (With a Map) - Statistics

General Stats
  • This quiz has been taken 77 times
  • The average score is 5 of 5
Answers on the Map
Answers color-coded by a green-red scale on the quiz's map according to % correct below.
 
Answer Stats
Teams % Correct
Blues
100%
Crusaders
99%
Highlanders
97%
Hurricanes
96%
Chiefs
94%
No matching quizzes found
Score Distribution
Percent of People with Each Score
Percentile by Number Answered
Your Score History
You have not taken this quiz